000
00291nam a2200109Ia 4500
008
200302s9999 xx 000 0 und d
100
_a
Isabelle Gournaay
245
_a
Ernest Cormier And The Universite De Montreal
260
_b
Candian Centre for Architecture
260
_c
1990
300
_a
179
999
_c
4674
_d
4674